LEADER 04882oam 2200685I 450 001 9910154587603321 005 20240505161545.0 010 $a9781032927237 010 $a1032927232 010 $a9781351956925 010 $a1351956922 010 $a9781315262062 010 $a1315262061 024 7 $a10.4324/9781315262062 035 $a(CKB)3710000000965349 035 $a(MiAaPQ)EBC4758222 035 $a(OCoLC)973039339 035 $a(BIP)116719571 035 $a(BIP)27704759 035 $a(EXLCZ)993710000000965349 100 $a20180706e20162010 uy 0 101 0 $aeng 135 $aurcnu|||||||| 181 $2rdacontent 182 $2rdamedia 183 $2rdacarrier 200 00$aArtistic and cultural exchanges between Europe and Asia, 1400-1900 $erethinking markets, workshops and collections /$fedited by Michael North 210 1$aLondon ;$aNew York :$cRoutledge,$d2016. 215 $a1 online resource (216 pages) $cillustrations, tables 300 $a"First published 2010 by Ashgate Publishing"--t.p. verso. 311 08$a9780754669371 311 08$a0754669378 311 08$a9781351956932 311 08$a1351956930 327 $a1. Asian objects and western European court culture in the Middle Ages / Karl-Heinz Spiess -- 2. The Euro-Asian trade in bezoar stones (approx. 1500 to 1700) / Peter Borschberg -- 3. Asia as a fantasy of France in the nineteenth century / Ting Chang -- 4. Material culture, knowledge, and European society in colonial India around 1800 : Danish Tranquebar / Martin Krieger -- 5. Changing cultural contents : the incorporation of Mughal architectural elements in European memorials in India in the seventeenth century / Alexander Drost -- 6. Production and reception of art through European company channels in Asia / Michael North -- 7. The movable center : the Netherlandish map in Japan / Mia M. Mochizuki -- 8. Interpreting cultural transfer and the consequences of markets and exchange : reconsidering fumi-e / Thomas DaCosta Kaufmann -- 9. An assimilation between two different cultures : Japan and the West during the Edo period / Yoriko Kobayashi-Sato. 330 $aThe European expansion to Asia was driven by the desire for spices and Asian luxury products. Its results, however, exceeded the mere exchange of commodities and precious metals. The meeting of Asia and Europe signaled not only the beginnings of a global market but also a change in taste and lifestyle that influences our lives even today. Manifold kinds of cultural transfers evolved within a market framework that was not just confined to intercontinental and intra-Asiatic trade. In Europe and Asia markets for specific cultural products emerged and the transfers of objects affected domestic arts and craft production. Traditionally, relations between Europe and Asia have been studied in a hegemonic perspective, with Europe as the dominant political and economic centre. Even with respect to cultural exchange, the model of diffusion regarded Europe as the centre, and Asia the recipient, whereby Asian objects in Europe became exotica in the Kunst- und Wunderkammern. Conceptions of Europe and Asia as two monolithic regions emerged in this context. However, with the current process of globalization these constructions and the underlying models of cultural exchange have come under scrutiny. For this reason, the book focuses on cultural exchange between different European and Asian civilizations, whereby the reciprocal complexities of cultural transfers are at the centre of observation. By investigating art markets, workshops and collections in Europe and Asia the contributors exemplify the varieties of cultural exchange. The book examines the changing roles of Asian objects in European material culture and collections and puts a special emphasis on the reception of European visual arts in colonial settlements in Asia as well as in different Asian societies. 606 $aArt, European 606 $aArt, Asian 606 $aArt$zEurope$xMarketing$xHistory 606 $aArt$zAsia$xMarketing$xHistory 606 $aArt$xCollectors and collecting$zEurope$xHistory 606 $aArt$xCollectors and collecting$zAsia$xHistory 607 $aEurope$xRelations$zAsia 607 $aAsia$xRelations$zEurope 615 0$aArt, European. 615 0$aArt, Asian. 615 0$aArt$xMarketing$xHistory. 615 0$aArt$xMarketing$xHistory. 615 0$aArt$xCollectors and collecting$xHistory. 615 0$aArt$xCollectors and collecting$xHistory. 676 $a303.4824050903 686 $a20.05$2bcl 701 $aNorth$b Michael$f1954-$0254107 801 0$bMiAaPQ 801 1$bMiAaPQ 801 2$bMiAaPQ 906 $aBOOK 912 $a9910154587603321 996 $aArtistic and cultural exchanges between Europe and Asia, 1400-1900$92287430 997 $aUNINA